Brazil 2014 World Cup - Statistics

General Stats
  • This quiz has been taken 73 times
  • The average score is 26 of 32
Answer Stats
Answer % Correct
Argentina
97%
Portugal
95%
Brazil
94%
Spain
92%
England
90%
Germany
90%
Italy
90%
Netherlands
90%
United States
90%
France
89%
Uruguay
89%
Mexico
87%
Chile
85%
Japan
85%
Russia
85%
Australia
84%
Cameroon
84%
Colombia
84%
Croatia
84%
South Korea
84%
Belgium
82%
Costa Rica
82%
Nigeria
81%
Greece
77%
Algeria
76%
Ghana
76%
Switzerland
76%
Iran
71%
Honduras
69%
Ecuador
63%
Bosnia and Herzegovina
61%
Ivory Coast
60%
No matching quizzes found
Score Distribution
Percent of People with Each Score
Percentile by Number Answered
Your Score History
You have not taken this quiz